[Event "North Island-ch Staurt Memorial"]
[Site "Auckland"]
[Date "2023.07.16"]
[Round "7"]
[White "Ha, Huy Minh"]
[Black "Baker, Ilias Angelo"]
[Result "1/2-1/2"]
[WhiteElo "1628"]
[BlackElo "1509"]
[PlyCount "25"]
[EventDate "2023.07.13"]
[EventType "swiss"]
[EventRounds "8"]
[EventCountry "NZL"]
[SourceTitle "EXT 2024"]
[Source "ChessBase"]
[SourceDate "2023.10.10"]
[SourceVersion "1"]
[SourceVersionDate "2023.10.10"]
[SourceQuality "1"]

1. d4 d5 2. c4 dxc4 3. e3 Nf6 4. Bxc4 e6 5. Nf3 c5 6. 0-0 a6 7. a4 Nc6 8. Nc3 cxd4 9. exd4 Be7 10. Re1 0-0 11. d5 exd5 12. Nxd5 Nxd5 13. Bxd5 1/2-1/2

[Event "Auckland ANZAC op"]
[Site "Auckland"]
[Date "2023.04.25"]
[Round "6"]
[White "Baker, Ilias Angelo"]
[Black "Mao, Daqi"]
[Result "0-1"]
[WhiteElo "1361"]
[BlackElo "1979"]
[PlyCount "72"]
[EventDate "2023.04.21"]
[EventType "swiss"]
[EventRounds "6"]
[EventCountry "NZL"]
[SourceTitle "EXT 2024"]
[Source "ChessBase"]
[SourceDate "2023.10.10"]
[SourceVersion "1"]
[SourceVersionDate "2023.10.10"]
[SourceQuality "1"]

1. e4 e6 2. d4 d5 3. Nd2 Nf6 4. e5 Nfd7 5. f4 c5 6. c3 Nc6 7. Ngf3 cxd4 8. cxd4 Qb6 9. Nb1 Be7 10. Nc3 0-0 11. a3 a5 12. Na4 Qa7 13. Be3 f6 14. Qd2 f5 15. Be2 b6 16. Rc1 Bb7 17. h4 Rfc8 18. Nc3 Ba6 19. Nb5 Qb7 20. Kf2 Bxb5 21. Bxb5 Na7 22. Bd3 Rxc1 23. Rxc1 Rc8 24. Rg1 h5 25. Qe2 b5 26. Bb1 Nb6 27. Qd3 Nc4 28. Bc1 b4 29. a4 Qc6 30. b3 Na3 31. Bxa3 bxa3 32. Rd1 Qc3 33. Qxc3 Rxc3 34. Rd2 Rxb3 35. Ba2 Rc3 36. Ne1 Bxh4+ 0-1

[Event "Auckland ANZAC op"]
[Site "Auckland"]
[Date "2023.04.22"]
[Round "3"]
[White "Cummings, Nick"]
[Black "Baker, Ilias Angelo"]
[Result "1-0"]
[WhiteElo "1957"]
[BlackElo "1361"]
[PlyCount "87"]
[EventDate "2023.04.21"]
[EventType "swiss"]
[EventRounds "6"]
[EventCountry "NZL"]
[SourceTitle "EXT 2024"]
[Source "ChessBase"]
[SourceDate "2023.10.10"]
[SourceVersion "1"]
[SourceVersionDate "2023.10.10"]
[SourceQuality "1"]

1. Nf3 d5 2. d4 Nf6 3. g3 e6 4. c4 dxc4 5. Bg2 c5 6. 0-0 Nc6 7. Qa4 Bd7 8. Qxc4 b5 9. Qd3 c4 10. Qd1 Rc8 11. Re1 Qb6 12. e4 Nb4 13. Ne5 Be7 14. a3 Nc6 15. Nxd7 Nxd7 16. Be3 e5 17. Nc3 exd4 18. Nd5 Qc5 19. b4 Qd6 20. Bxd4 0-0 21. Nxe7+ Qxe7 22. Bc3 Nb6 23. Qg4 Ne5 24. Qf5 Nd3 25. Red1 Qd7 26. Qxd7 Nxd7 27. Bf1 Rfe8 28. Bxd3 cxd3 29. Rxd3 Ne5 30. Bxe5 Rxe5 31. f3 h5 32. Rad1 Kh7 33. Rd5 Rxd5 34. Rxd5 Kg6 35. Rxb5 Rc3 36. Ra5 Rxf3 37. Rxa7 Re3 38. b5 Rb3 39. a4 Rb4 40. Kg2 Rxe4 41. b6 Kg5 42. b7 Rb4 43. Ra5+ f5 44. Rb5 1-0

[Event "NZL-ch op-B 130th"]
[Site "Wellington"]
[Date "2023.01.08"]
[Round "7"]
[White "Baker, Ilias Angelo"]
[Black "Scott, David1111"]
[Result "0-1"]
[WhiteElo "1224"]
[BlackElo "1760"]
[PlyCount "76"]
[EventDate "2023.01.02"]
[EventType "swiss"]
[EventRounds "9"]
[EventCountry "NZL"]
[SourceTitle "CBM 212 Extra"]
[Source "ChessBase"]
[SourceDate "2023.03.31"]
[SourceVersion "1"]
[SourceVersionDate "2023.03.31"]
[SourceQuality "1"]

1. e4 c6 2. d4 d5 3. e5 c5 4. Nf3 cxd4 5. Nxd4 e6 6. Bd3 Bc5 7. Nb3 Bb6 8. N1d2 Ne7 9. Nf3 Nbc6 10. h4 Ng6 11. Qe2 Qc7 12. 0-0 Ngxe5 13. Nxe5 Qxe5 14. Qg4 h5 15. Qd1 Bd7 16. Bg5 Qxb2 17. c4 dxc4 18. Bxc4 f6 19. Rb1 Qa3 20. Bf4 e5 21. Bf7+ Kxf7 22. Qxd7+ Qe7 23. Qxe7+ Nxe7 24. Be3 Bxe3 25. fxe3 b6 26. Nd2 Rhd8 27. Nc4 Ke6 28. a4 Nf5 29. e4 Nxh4 30. g3 Ng6 31. Rf5 Rd4 32. Nxb6 Rb8 33. a5 axb6 34. Rxh5 Ra4 35. axb6 Ra6 36. Rh7 Kf7 37. Rc1 Kg8 38. Rh2 Raxb6 0-1